Οι μάρτυρες του Γιεχωβά
Αποθηκεύτηκε σε:
| Κύριος συγγραφέας: | |
|---|---|
| Μορφή: | Βιβλίο |
| Γλώσσα: | Greek |
| Δημοσίευση: |
Αθήναι :
Αδελφότης θεολόγων η <<Ζωή>>,
1962-
|
| Θέματα: | |
| Ετικέτες: |
Προσθήκη ετικέτας
Δεν υπάρχουν, Καταχωρήστε ετικέτα πρώτοι!
|
MARC
| LEADER | 00000cam a2200000 i 4500 | ||
|---|---|---|---|
| 001 | 1/95010 | ||
| 008 | 081007m19629999 gre d | ||
| 035 | |l 10100679 | ||
| 040 | |a GR-MY-UA |b gre |e aacr | ||
| 041 | 0 | |a gre | |
| 082 | 0 | |a 289.92 |2 (22) | |
| 100 | 1 | |a Κολιτσάρας, Ιωάννης Θ. | |
| 245 | 1 | 3 | |a Οι μάρτυρες του Γιεχωβά / |c Ιωάν. Θ. Κολιτσάρα |
| 260 | |a Αθήναι : |b Αδελφότης θεολόγων η <<Ζωή>>, |c 1962- | ||
| 300 | |a 2 τ.; |c 16 εκ. | ||
| 504 | |a Περιλαμβάνει βιβλιογραφίες | ||
| 505 | 0 | |a Τ.1. Ο αρχηγός των και η χιλιετής βασιλεία του.τ.2. Αι αιρέσεις των και η προπαγάνδα των | |
| 650 | 0 | 0 | |a Jehovah's Witnesses |x Controversial literature. |
| 650 | 0 | 0 | |a Christian sects. |
| 650 | 0 | 0 | |a Propaganda. |
| 740 | 0 | 2 | |a Αι αιρέσεις των και η προπαγάνδα των |
| 852 | |a INST |b RHODES |c AKA |e 20081007 |h 289.92 ΚΟΛ |p 005400030887 |q 005400030887 |t BK |v τ.2: |y 0 |z τ.2 | ||
| 853 | |a INST |b RHODES |c AKA |h 289.92 ΚΟΛ | ||
| 901 | |a BIBL4-2008-3 | ||
| 909 | |a Ρ |b 153168 | ||
| 970 | |a ΧΑΡΙΟΠΟΛΙΤΟΥ |b ΚΩΝΣΤΑΝΤΙΝΑ |z 2008/10/07 | ||